000 00289nam a22001337a 4500
003 SGT
020 _a9788123910970
082 _a660.6
_bKOK
100 _aKOKATE C.K
245 _aMEDICINAL PLANT BIOTECHNOLOGY
260 _aINDIA
_bCBS PD PUB
_c2023
300 _a506
942 _2ddc
_cBK
999 _c34489
_d34489